| 000 | 00650nas a2200193 4500 | ||
|---|---|---|---|
| 005 | 20170511105001.0 | ||
| 008 | 950314c1978 us zr p r 0 0a0spa d | ||
| 040 |
_aCO-BoIAVH _cCO-BoIAVH |
||
| 041 | 0 | _aspa | |
| 044 | _axxu | ||
| 090 | _aSE- | ||
| 245 | 0 | 0 |
_aBoletín botánico latinoamericano / _cAsociación Latinoamericana de Botánica. |
| 260 |
_aNew York (EE.UU.) : _bAsociación Latinoamericana de Botánica, _c1978- . |
||
| 300 |
_c22 x 15 cm. ; _bilustraciones |
||
| 310 | _au | ||
| 650 | 2 | 6 |
_aBotánica _zAmérica Latina _vPublicaciones seriadas |
| 710 | 2 | _aAsociación Latinoamericana de Botánica | |
| 942 |
_2z _cLIBRO _s1 |
||
| 999 |
_c17239 _d17239 |
||